000 01315cam a2200133 4500500
005 20260405040610.0
041 _afre
042 _adc
100 1 0 _aRobrieux, Jean-Jacques
_eauthor
245 0 0 _aRhétorique et argumentation
260 _bArmand Colin,
_c2021.
520 _aToute communication est rhétorique, dès lors qu’on cherche à faire valoir un point de vue. Les conversations quotidiennes, les discours politiques et médiatiques prouvent à chaque instant que la plupart de nos raisonnements sont fondés sur des valeurs et supposent des conflits d’intérêts, ce qu’Aristote avait compris bien avant nous. C’est pourquoi ce livre étudie, à la lumière des traités anciens comme des recherches contemporaines, les principaux procédés relevant de l’art de persuader dans les domaines littéraire et extra-littéraire. Il explore le champ complet de la matière et s’intéresse autant aux figures qu’aux arguments. Conçu comme un ouvrage de référence, ce livre s’adresse principalement aux étudiants en lettres, en philosophie et en communication, mais concerne également tous ceux qui désirent mieux convaincre et déjouer les pièges du discours.
856 4 1 _uhttps://shs.cairn.info/rhetorique-et-argumentation--9782200630867?lang=fr&redirect-ssocas=7080
999 _c2163470
_d2163470